00965cam a22002411 4500001001300000003000400013005001700017008004100034010001700075035002000092040002600112042001200138050002800150100002900178245010500207260006700312300003000379490005600409500014700465650002000612651003100632810006000663sd 30000020 DLC20260227112732.0840703s1929 fr u000 0 fre  asd 30000020  a(OCoLC)27414416 aDLCcMdBJdOCoLCdDLC apremarc00aJX1907b.C75 1929 no. 41 aLe Trocquer,Yves,d1877-10a"Union douanière Européenne".cConférence de M. Yves Le Trocquer ... Annexes documentaires ... aParis,bPublications de la Conciliation internationalec[1929] a2 p.l., [7]-93 p.c19 cm.1 aConciliation internationale,v[1929] Bulletin no. 4 aAt head of title: Dotation Carnegie pour la paix internationale. Division des relations internationales & de l'éducation. Centre européen. 0aTariffzEurope. 0aEuropexCommercial policy.2 aConciliation internationale.tBulletin ;v[1929] no. 4.